Tension mounts (Record no. 72385)

MARC details
000 -LEADER
fixed length control field 01178cam a2200229 4500
001 - CONTROL NUMBER
control field ABS66526
008 - FIXED-LENGTH DATA ELEMENTS--GENERAL INFORMATION
fixed length control field 030331n2003 000 0 eng u
035 ## - SYSTEM CONTROL NUMBER
System control number (Sirsi) u121800
100 ## - MAIN ENTRY--PERSONAL NAME
Personal name Leftly, M.
245 ## - TITLE STATEMENT
Title Tension mounts
260 ## - PUBLICATION, DISTRIBUTION, ETC.
Date of publication, distribution, etc. 2003
490 ## - SERIES STATEMENT
Series statement Building
Volume/sequential designation 21 March 2003, 55-56(2)
520 ## - SUMMARY, ETC.
Summary, etc. Examines what the housebuilding industry is doing to protect itself against a possible downturn in the economy. Reflects that the sector is vulnerable to any recession after the events of the early 1990s when it was the sector hardest hit. Describes how some businesses such as Taylor Woodrow are selling houses well ahead of their completion date for a greater guarantee of future turnover and profit. Housebuilders are also looking to reduce debt which would maintain strong cash flow as housing inflation falls to about 5%. Argues that the industry has learned the lessons of the 1990s and is now better able to survive the probable downturn.
590 ## - LOCAL NOTE (RLIN)
Local note ABS
650 ## - SUBJECT ADDED ENTRY--TOPICAL TERM
Topical term or geographic name entry element HOUSE BUILDERS
650 ## - SUBJECT ADDED ENTRY--TOPICAL TERM
Topical term or geographic name entry element HOUSE PRICES
650 ## - SUBJECT ADDED ENTRY--TOPICAL TERM
Topical term or geographic name entry element ECONOMIC DOWNTURN
650 ## - SUBJECT ADDED ENTRY--TOPICAL TERM
Topical term or geographic name entry element TAYLOR WOODROW
650 ## - SUBJECT ADDED ENTRY--TOPICAL TERM
Topical term or geographic name entry element CASH FLOW
690 ## - LOCAL SUBJECT ADDED ENTRY--TOPICAL TERM (OCLC, RLIN)
Topical term or geographic name as entry element HOUSING-DEVELOPMENT
942 ## - ADDED ENTRY ELEMENTS (KOHA)
Suppress in OPAC 0
Holdings
Withdrawn status Lost status Source of classification or shelving scheme Damaged status Not for loan Home library Current library Shelving location Date acquired Total Checkouts Full call number Barcode Date last seen Copy number Price effective from Koha item type
    Dewey Decimal Classification     London London Journal article 31/03/2003   ABS66526 121800-1001 06/08/2019 1 06/08/2019 Journal article